000 00189 a2200109 4500
020 _a1426816
041 _aspa
100 _aRius, Maria
245 _ael gusto
942 _cBK
952 _74
999 _c19653
_d19653